00325nam a2200121Ia 4500008004100000020000600041040002600047082001200073245004000085260005700125003000400182005001700186241206s9999||||xx |||||||||||||| ||und|| c0 bengcSSK Libraryerda a658/TAK 0aMethods Of Problem Solving For Jobs b Japan Association Of Manufacturing Analysisc©1989OSt20241206223204.0